header

The age of reform (1250-1550) (Record no. 62195)

MARC details
000 -LEADER
fixed length control field 01524nam a2200385Ia 4500
082 04 - DEWEY DECIMAL CLASSIFICATION NUMBER
Classification number 274
100 1# - MAIN ENTRY--AUTHOR NAME
Personal name Ozment, Steven E.
245 14 - TITLE STATEMENT
Title The age of reform (1250-1550)
260 ## - PUBLICATION, DISTRIBUTION, ETC. (IMPRINT)
Place of publication New Haven :
Name of publisher Yale University Press,
Year of publication 1980.
300 ## - PHYSICAL DESCRIPTION
Number of Pages xii, 458 p. :
Other physical details ill.
650 #0 - SUBJECT ADDED ENTRY--TOPICAL TERM
Topical Term Church history
Topical Term Reformation.
Topical Term Theology, Doctrinal
Topical Term Theology, Doctrinal
Topical Term Religious thought
856 40 - ELECTRONIC LOCATION AND ACCESS
Uniform Resource Identifier http://site.ebrary.com/lib/rucke/Doc?id=10670433

No items available.

© 2026 Rongo University
Contact us: librarian | system librarian | Rongo university